000 00874nam a2200265 a 4500
001 66111
003 BD-RjUL
005 20211209081512.0
008 170314t20052004enkab be 001 0 eng
020 _a1840137967 :
_c£17.95
035 _a(BD-RjUL)66241
040 _aStDuBDS
_dUk
_beng
_cBD-RjUL
041 _aeng
082 0 4 _a599.03
_223
_bBEE 2005
100 1 _aBeer, Amy-Jane.
_9195579
245 1 0 _aEncyclopedia of mammals /
_cAmy-Jane Beer, Pat Morris.
246 _aEncyclopedia of mammals:
_bAn essential guide to Mammals of the World
260 _aHoo :
_bGrange,
_c2005 [c.2004]
300 _a288 p. :
_bill. ;
_c25 cm.
504 _aIncludes bibliographical references and index.
650 0 _aMammals
_vDictionaries.
_9195580
700 1 _aMorris, Pat,
_d1943- , jt. auth.
_9250366
942 _2ddc
_cREF
999 _c66111
_d66111